000 00743nam a2200217 a 4500
008 120125s2006 ||||||||||||||||| || u
020 _a1861979851
050 _aHG 4026 Vau
100 _aVause, Bob
245 1 0 _aGuide to analysing companies. (4th ed.)
250 _a4th ed.
260 _aLondon:
_bThe Economist
_c2006
300 _aviii, 312p.: ill.
350 _a0.00
490 _aThe economist
650 _aBUSINESS ENTERPRISES--FINANCE
650 7 _aBUSINESS ENTERPRISES
_2fast
650 _aBUSINESS ENTERPRISES--EVALUATION
650 _aCORPORATIONS
995 _D0.00
_FCBU-MAIN LIBRARY (Kitwe)
_H1
_I0.00
_M1
_UAVAILABLE
_WFeb 21, 2012
_ZMain Library Open Access Collection
999 _c45078
_d45078